Student activity book : The blue book : (Record no. 5685)

MARC details
000 -LEADER
fixed length control field 01014nam a22002537a 4500
001 - CONTROL NUMBER
control field 5685
003 - CONTROL NUMBER IDENTIFIER
control field FISKH
005 - DATE AND TIME OF LATEST TRANSACTION
control field 20250114084922.0
008 - FIXED-LENGTH DATA ELEMENTS--GENERAL INFORMATION
fixed length control field 250114b cb ||||| |||| 00| 0 eng d
020 ## - INTERNATIONAL STANDARD BOOK NUMBER
International Standard Book Number 9781880892909
040 ## - CATALOGING SOURCE
Original cataloging agency FISKH
Language of cataloging eng
Transcribing agency FISKH
Modifying agency FISKH
082 ## - DEWEY DECIMAL CLASSIFICATION NUMBER
Classification number 372.4
100 ## - MAIN ENTRY--PERSONAL NAME
Personal name Strayer, Debbie
245 ## - TITLE STATEMENT
Title Student activity book : The blue book :
Remainder of title Learning language arts through literature /
Statement of responsibility, etc. By Debbie Strayer and Susan S. Simpson
260 ## - PUBLICATION, DISTRIBUTION, ETC.
Place of publication, distribution, etc. Melrose, Florida :
Name of publisher, distributor, etc. Common Sence Press, Inc ;
Date of publication, distribution, etc. 1998.
300 ## - PHYSICAL DESCRIPTION
Extent 225 pages :
Other physical details illustrations ;
Dimensions 29 cm .
490 ## - SERIES STATEMENT
Series statement Learning Language Arts Through Literature
Volume/sequential designation Student 1
520 ## - SUMMARY, ETC.
Summary, etc. Student guide to accompany Learning Language Arts Through Literature Blue Book.Now in a convenient book format.Contains more student instruction for independent work.Enrichment activities included."
650 ## - SUBJECT ADDED ENTRY--TOPICAL TERM
Topical term or geographic name entry element consumable
Form subdivision non-fiction
650 ## - SUBJECT ADDED ENTRY--TOPICAL TERM
Topical term or geographic name entry element grammar
Form subdivision non-fiction
700 ## - ADDED ENTRY--PERSONAL NAME
Personal name Simpson, Susan
Relator term author
942 ## - ADDED ENTRY ELEMENTS (KOHA)
Source of classification or shelving scheme Dewey Decimal Classification
Koha item type Books
Suppress in OPAC No
Holdings
Withdrawn status Lost status Source of classification or shelving scheme Damaged status Not for loan Collection Home library Current library Shelving location Date acquired Total Checkouts Full call number Barcode Date last seen Price effective from Koha item type
    Dewey Decimal Classification     Non-Fiction Footprints International School Library Network Toul Kork Campus Footprints International School Library Network Toul Kork Campus TTP Secondary Non-Fiction Bookshelves 01/14/2025   STR 372.4 FISSE03398 01/14/2025 01/14/2025 Books